000 00565nam a22001937a 4500
999 _c184846
_d184846
005 20220125145908.0
020 B _a8120718488
035 _aA-897461
037 _adpl
082 _aN
100 _aChopra,Prem N.
245 _aLORITA
_cby Prem N. Chopra
_bA Novel/
260 _aNew Delhi
_bSterling Publishers Pvt. Ltd.,
_c1998
270 _aL-10, Green Park Extension,
_bNew Delhi
_e110016
300 _a107p.
_b21cm(pbk)
500 _aA man is not born for defeat. He must win or die fighting-
700 _aChopra, Prem N.
942 _2ddc
_cEN
_mCHO
_hN